[Event "Krakow op-A 34th"]
[Site "Krakow"]
[Date "2024.01.04"]
[Round "9"]
[White "Szczurek, Krzysztof"]
[Black "Golubka, Petr"]
[Result "1-0"]
[WhiteElo "2175"]
[BlackElo "2440"]
[PlyCount "45"]
[EventDate "2023.12.27"]
[EventType "swiss"]
[EventRounds "9"]
[EventCountry "POL"]
[SourceTitle "CB02_2024"]
[SourceDate "2024.01.10"]
[SourceVersion "1"]
[SourceVersionDate "2024.01.10"]
[SourceQuality "1"]

1. e4 g6 2. Nf3 Bg7 3. d4 c6 4. Nc3 d5 5. Be2 Bg4 6. Be3 e6 7. Qd2 Nd7 8. h3 Bxf3 9. Bxf3 Ne7 10. 0-0-0 a5 11. h4 h6 12. exd5 exd5 13. Rde1 Nb6 14. Be2 Qd7 15. Bf4 a4 16. g4 a3 17. b3 f6 18. Bd3 Kf7 19. h5 g5 20. Rxe7+ Qxe7 21. Re1 Qb4 22. Bg6+ Kf8 23. Qe3 1-0

[Event "Krakow op-A 34th"]
[Site "Krakow"]
[Date "2024.01.02"]
[Round "6"]
[White "Golubka, Petr"]
[Black "Dziewonski, Dariusz"]
[Result "1/2-1/2"]
[WhiteElo "2440"]
[BlackElo "2224"]
[PlyCount "128"]
[EventDate "2023.12.27"]
[EventType "swiss"]
[EventRounds "9"]
[EventCountry "POL"]
[SourceTitle "CB02_2024"]
[SourceDate "2024.01.10"]
[SourceVersion "1"]
[SourceVersionDate "2024.01.10"]
[SourceQuality "1"]

1. Nf3 d5 2. g3 Nf6 3. Bg2 e6 4. b3 Be7 5. Bb2 0-0 6. d3 b6 7. Nbd2 Bb7 8. 0-0 c5 9. e3 Nc6 10. c4 dxc4 11. Nxc4 Nb4 12. d4 cxd4 13. Bxd4 Be4 14. Nfe5 Bxg2 15. Kxg2 Qd5+ 16. Qf3 Rfd8 17. Rfd1 Qxf3+ 18. Kxf3 Nc2 19. Rac1 Nxd4+ 20. exd4 Rac8 21. Ne3 Ba3 22. Rxc8 Rxc8 23. d5 exd5 24. Nxd5 Nxd5 25. Rxd5 f6 26. Nc4 Bc5 27. Rd7 a6 28. a4 b5 29. axb5 axb5 30. Nd2 f5 31. Rb7 Rd8 32. Rxb5 Rxd2 33. Rxc5 Rd3+ 34. Kg2 Rxb3 35. Rxf5 g6 36. Ra5 h5 37. Ra7 Rb2 38. Kf3 Rc2 39. Rd7 Rb2 40. h4 Rc2 41. Re7 Ra2 42. Ke3 Rb2 43. f3 Rb4 44. Re4 Rb5 45. Kf4 Rf5+ 46. Ke3 Ra5 47. Rd4 Kg7 48. Kf4 Kf6 49. g4 hxg4 50. fxg4 Kg7 51. Rd7+ Kg8 52. Re7 Rb5 53. Re5 Rb7 54. Kg5 Kg7 55. Rd5 Ra7 56. Rb5 Rc7 57. Ra5 Rb7 58. h5 gxh5 59. gxh5 Kh7 60. h6 Rc7 61. Kh5 Rb7 62. Rg5 Ra7 63. Rg7+ Rxg7 64. hxg7 Kxg7 1/2-1/2

[Event "Sitges Sunway op 10th"]
[Site "Sitges"]
[Date "2023.12.21"]
[Round "9"]
[White "Peralta, Fernando"]
[Black "Golubka, Petr"]
[Result "1/2-1/2"]
[WhiteElo "2581"]
[BlackElo "2440"]
[PlyCount "132"]
[EventDate "2023.12.12"]
[EventType "swiss"]
[EventRounds "10"]
[EventCountry "ESP"]
[SourceTitle "CB52_2023"]
[SourceDate "2023.12.27"]
[SourceVersion "1"]
[SourceVersionDate "2023.12.27"]
[SourceQuality "1"]

1. d4 d5 2. c4 e6 3. Nc3 Nf6 4. cxd5 exd5 5. Bg5 Bb4 6. Nf3 h6 7. Bh4 0-0 8. e3 Bf5 9. Qb3 Bxc3+ 10. Qxc3 g5 11. Bg3 Ne4 12. Qa3 h5 13. h3 Nxg3 14. fxg3 Re8 15. Be2 Nd7 16. 0-0 Bg6 17. Rae1 c6 18. Bd3 Kg7 19. h4 gxh4 20. Nxh4 Qe7 21. Rxf7+ Kxf7 22. Bxg6+ Kg8 23. Qd3 Qg5 24. Bxe8 Rxe8 25. e4 Nf6 26. e5 Ne4 27. Kh2 Rf8 28. Rxe4 dxe4 29. Qxe4 Qg4 30. Qe3 Rf7 31. Qd3 Qe6 32. Qe3 Qg4 33. Qd3 Qe6 34. a3 a6 35. Qe3 Qg4 36. Qd3 Qe6 37. b4 Qg4 38. d5 cxd5 39. Qxd5 Qd7 40. Qb3 Qg4 41. Qd5 Qd7 42. Qb3 Qg4 43. Nf3 Kf8 44. Qe3 Rg7 45. Nh4 Ke8 46. Qd3 Rg5 47. Qc3 Rg8 48. a4 Rg5 49. b5 axb5 50. axb5 Rg8 51. b6 Rg5 52. Qe3 Kf7 53. Qf2+ Ke8 54. Nf3 Rg6 55. Nh4 Rg5 56. Qe3 Kf7 57. Qb3+ Ke7 58. Qa3+ Kf7 59. Qe3 Ke6 60. Qb3+ Ke7 61. Qd3 Ke8 62. Qb5+ Qd7 63. Qc4 Qg4 64. Qb5+ Qd7 65. Qb3 Qg4 66. Qe3 Kf7 1/2-1/2

[Event "Heusenstamm Schloss op"]
[Site "Heusenstamm"]
[Date "2023.11.26"]
[Round "6"]
[White "Perske, Paul"]
[Black "Golubka, Petr"]
[Result "0-1"]
[WhiteElo "2068"]
[BlackElo "2419"]
[PlyCount "110"]
[EventDate "2023.11.23"]
[EventType "swiss"]
[EventRounds "7"]
[EventCountry "GER"]
[SourceTitle "CB48_2023"]
[SourceDate "2023.11.29"]
[SourceVersion "1"]
[SourceVersionDate "2023.11.29"]
[SourceQuality "1"]

1. e4 c5 2. Nf3 d6 3. d4 cxd4 4. Nxd4 Nf6 5. Nc3 Nc6 6. Bc4 e6 7. Be3 a6 8. Qe2 Na5 9. Bd3 b5 10. a4 b4 11. Na2 d5 12. e5 Ne4 13. 0-0 Qc7 14. f3 Nc5 15. Nxb4 Qxe5 16. f4 Qc7 17. c3 Nxd3 18. Nxd3 Be7 19. Ne5 Nc4 20. Ndc6 Nxe3 21. Qxe3 Bd6 22. Nd4 0-0 23. b4 Re8 24. Nd3 Bd7 25. Ne5 Rac8 26. Rf3 a5 27. b5 Bc5 28. Kh1 f6 29. Nxd7 Qxd7 30. Qe2 Bxd4 31. cxd4 Rc4 32. Qd2 Qa7 33. Rd3 Rec8 34. h3 Kf7 35. Qe3 Qb6 36. Raa3 Qc7 37. Rdb3 g5 38. b6 Qxf4 39. Qxf4 gxf4 40. b7 Rb8 41. Rb5 Rxd4 42. Rc3 Rc4 43. Rxc4 dxc4 44. Rxa5 Rxb7 45. Rc5 Rb1+ 46. Kh2 Rb4 47. a5 Ra4 48. Kg1 e5 49. Kf2 Ke6 50. a6 Rxa6 51. Rxc4 Ra7 52. Rc6+ Kf5 53. Rb6 Ra2+ 54. Kf1 h5 55. Rb8 f3 0-1

[Event "Bayern-chI Bank Hofmann 26th"]
[Site "Tegernsee"]
[Date "2023.11.01"]
[Round "5"]
[White "Golubka, Petr"]
[Black "Karsay, Pascal"]
[Result "1-0"]
[WhiteElo "2434"]
[BlackElo "2301"]
[PlyCount "67"]
[EventDate "2023.10.28"]
[EventType "swiss"]
[EventRounds "9"]
[EventCountry "GER"]
[SourceTitle "Mega2024 Update 01"]
[Source "Chessbase"]
[SourceDate "2023.11.12"]
[SourceVersion "1"]
[SourceVersionDate "2023.11.12"]
[SourceQuality "1"]

1. e4 e5 2. Nf3 Nc6 3. Bb5 a6 4. Ba4 Nf6 5. 0-0 b5 6. Bb3 Bc5 7. a4 Bb7 8. d3 0-0 9. axb5 axb5 10. Rxa8 Bxa8 11. Na3 Na5 12. Nxe5 Nxb3 13. cxb3 d5 14. Nxb5 dxe4 15. d4 Bb6 16. Nc4 Nd5 17. Nc3 f5 18. Nxd5 Bxd5 19. Bf4 Bxc4 20. bxc4 Bxd4 21. b4 c5 22. Qb3 Qb6 23. b5 h6 24. h4 Kh7 25. Qg3 Rf7 26. h5 Ra7 27. Bb8 Ra2 28. Be5 g5 29. Bxd4 cxd4 30. Qe5 Re2 31. Qxf5+ Kg7 32. Ra1 e3 33. fxe3 dxe3 34. c5 1-0

[Event "Copenhagen Killer Chess op"]
[Site "Copenhagen"]
[Date "2023.10.15"]
[Round "2"]
[White "Nordenbaek, Jan"]
[Black "Golubka, Petr"]
[Result "0-1"]
[WhiteElo "2156"]
[BlackElo "2434"]
[PlyCount "50"]
[EventDate "2023.10.14"]
[EventType "swiss"]
[EventRounds "9"]
[EventCountry "DEN"]
[SourceTitle "Mega2024 Update 01"]
[Source "Chessbase"]
[SourceDate "2023.11.12"]
[SourceVersion "1"]
[SourceVersionDate "2023.11.12"]
[SourceQuality "1"]

1. e4 c5 2. Nf3 d6 3. d4 cxd4 4. Nxd4 Nf6 5. Nc3 Nc6 6. Bg5 e6 7. Qd2 a6 8. 0-0-0 h6 9. Bf4 Bd7 10. Nxc6 Bxc6 11. f3 Qa5 12. Bc4 Rd8 13. Rhe1 Be7 14. Kb1 b5 15. Bb3 Qb6 16. Be3 Qc7 17. Qf2 Qb8 18. Qg3 a5 19. a4 bxa4 20. Nxa4 Kf8 21. e5 dxe5 22. Rxd8+ Bxd8 23. Bc5+ Kg8 24. Qxe5 Qxe5 25. Rxe5 Nd7 0-1

[Event "Allauch op 5th"]
[Site "Allauch"]
[Date "2023.08.30"]
[Round "4"]
[White "Metras, Dominique"]
[Black "Golubka, Petr"]
[Result "1/2-1/2"]
[WhiteElo "1767"]
[BlackElo "2421"]
[PlyCount "67"]
[EventDate "2023.08.28"]
[EventType "swiss"]
[EventRounds "9"]
[EventCountry "FRA"]
[SourceTitle "EXT 2024"]
[Source "ChessBase"]
[SourceDate "2023.10.10"]
[SourceVersion "1"]
[SourceVersionDate "2023.10.10"]
[SourceQuality "1"]

1. d4 g6 2. c4 Bg7 3. Nc3 d6 4. Nf3 Nc6 5. h3 f5 6. e4 fxe4 7. Nxe4 Bf5 8. Ng3 Bd7 9. Be2 Nf6 10. 0-0 0-0 11. Be3 a5 12. Qd2 b6 13. Bh6 e6 14. Bxg7 Kxg7 15. Rac1 Rb8 16. b3 Ne7 17. c5 Nfd5 18. Ne4 Nf4 19. cxd6 cxd6 20. g3 Nxe2+ 21. Qxe2 Nf5 22. Neg5 Re8 23. Rfd1 Rc8 24. g4 Rxc1 25. Rxc1 Nxd4 26. Qb2 e5 27. Nxd4 Qxg5 28. Rc7 Qd8 29. Nb5 Re7 30. Qe2 d5 31. Rb7 Bxb5 32. Qxe5+ Kf7 33. Rxe7+ Qxe7 34. Qxd5+ 1/2-1/2

[Event "Creon op 27th"]
[Site "Creon"]
[Date "2023.08.02"]
[Round "4"]
[White "Das, Sayantan"]
[Black "Golubka, Petr"]
[Result "1/2-1/2"]
[WhiteElo "2484"]
[BlackElo "2383"]
[PlyCount "105"]
[EventDate "2023.07.31"]
[EventType "swiss"]
[EventRounds "9"]
[EventCountry "FRA"]
[SourceTitle "CBM 215 Extra"]
[Source "ChessBase"]
[SourceDate "2023.09.30"]
[SourceVersion "1"]
[SourceVersionDate "2023.09.30"]
[SourceQuality "1"]

1. e4 e6 2. d4 d5 3. Nc3 Bb4 4. e5 b6 5. h4 Qd7 6. h5 h6 7. Qg4 Bf8 8. b4 Ne7 9. Bd3 Nf5 10. Nge2 c5 11. bxc5 bxc5 12. dxc5 Ba6 13. Ng3 Nxg3 14. Qxg3 Qc6 15. 0-0 Nd7 16. Be3 Bxd3 17. cxd3 Bxc5 18. Qxg7 Ke7 19. Na4 d4 20. Nxc5 Rag8 21. Bxh6 Qxc5 22. Rac1 Qxe5 23. Qxe5 Nxe5 24. Rc7+ Kf6 25. f4 Ng4 26. Bg5+ Kg7 27. Rb1 Rxh5 28. Rbb7 Rf8 29. Rxa7 Kg6 30. g3 e5 31. Kg2 f6 32. Bh4 Rb8 33. Rab7 Rxb7 34. Rxb7 exf4 35. Rb4 Rf5 36. gxf4 Rxf4 37. Kg3 Ne5 38. Kxf4 Nxd3+ 39. Ke4 Nxb4 40. a4 d3 41. Be1 f5+ 42. Ke5 Nc6+ 43. Kd5 Kh5 44. Kc4 Ne5+ 45. Kc3 Kg4 46. a5 Kf3 47. a6 Nc6 48. Kxd3 f4 49. Bd2 Kg2 50. Bxf4 Nb4+ 51. Kc4 Nxa6 52. Kb5 Nb8 53. Bxb8 1/2-1/2

[Event "Titled Tuesday intern op 01st Aug Late"]
[Site "Chess.com INT"]
[Date "2023.08.01"]
[Round "3"]
[White "Golubka, Petr"]
[Black "Bochnicka, Vladimir1111"]
[Result "0-1"]
[WhiteElo "2421"]
[BlackElo "2368"]
[PlyCount "76"]
[EventDate "2023.08.01"]
[EventType "swiss (blitz)"]
[EventRounds "11"]
[EventCountry "USA"]
[SourceTitle "EXT 2024"]
[Source "ChessBase"]
[SourceDate "2023.10.10"]
[SourceVersion "1"]
[SourceVersionDate "2023.10.10"]
[SourceQuality "1"]

1. e4 c5 2. b3 Nc6 3. Bb2 e5 4. Bb5 Nge7 5. Nf3 d6 6. c3 a6 7. Bxc6+ Nxc6 8. d4 Bg4 9. d5 Ne7 10. h3 Bd7 11. Nbd2 b5 12. c4 b4 13. h4 h5 14. a3 a5 15. Nf1 Ng6 16. Ne3 Be7 17. g3 Nf8 18. Qe2 Nh7 19. axb4 axb4 20. Rxa8 Qxa8 21. Kd2 Nf6 22. Qd3 0-0 23. Ra1 Qb7 24. Kc2 Ra8 25. Rxa8+ Qxa8 26. Nh2 Ng4 27. Nhxg4 hxg4 28. Nf5 Bf8 29. Qe2 g6 30. Ne3 f5 31. h5 Qc8 32. hxg6 f4 33. gxf4 exf4 34. e5 dxe5 35. Nf1 Bf5+ 36. Kc1 Bg7 37. Nd2 Bxg6 38. Ne4 Qf5 0-1